Валентин Распутин (Запись № 11913045)
[ простой вид ]
| 000 -МАРКЕР | |
|---|---|
| контрольное поле | 01503nam0a2200313 i 4500 |
| 001 - ИДЕНТИФИКАТОР ЗАПИСИ | |
| контрольное поле | RU\NLR\BIBL_A\011199523 |
| 005 - ИДЕНТИФИКАТОР ВЕРСИИ | |
| контрольное поле | 20260406133146.0 |
| 010 ## - МЕЖДУНАРОДНЫЙ СТАНДАРТНЫЙ НОМЕР КНИГИ (ISBN) | |
| Номер (ISBN) | 9785235038943 |
| Тираж | 3000 |
| 021 ## - НОМЕР ГОСУДАРСТВЕННОЙ РЕГИСТРАЦИИ | |
| Код страны | Российская Федерация |
| Номер | 2016-60156 |
| Номер Листа государственной регистраци | 3817 |
| 035 ## - ДРУГИЕ СИСТЕМНЫЕ НОМЕРА | |
| Идентификатор записи | (NLR Aleph) 011199523 |
| 100 ## - ДАННЫЕ ОБЩЕЙ ОБРАБОТКИ | |
| Данные общей обработки | 20160823d2016 u y0rusy50 ca |
| 101 0# - ЯЗЫК РЕСУРСА | |
| Язык текста, звукозаписи и т.д. | русский |
| 102 ## - СТРАНА ПУБЛИКАЦИИ ИЛИ ПРОИЗВОДСТВА | |
| Страна публикации | Российская Федерация |
| 105 ## - ПОЛЕ КОДИРОВАННЫХ ДАННЫХ: ТЕКСТОВЫЕ МАТЕРИАЛЫ, МОНОГРАФИЧЕСКИЕ | |
| Кодированные данные о монографическом текстовом документе | ach z 001zb |
| 200 1# - ЗАГЛАВИЕ И СВЕДЕНИЯ ОБ ОТВЕТСТВЕННОСТИ | |
| Основное заглавие | Валентин Распутин |
| Первые сведения об ответственности | Андрей Румянцев |
| 210 ## - ПУБЛИКАЦИЯ, РАСПРОСТРАНЕНИЕ И ДР. | |
| Место издания, распространения и т.д. | Москва |
| Имя издателя, распространителя и т. д. | Молодая гвардия |
| Дата издания, распространения и т.д. | 2016 |
| 215 ## - ФИЗИЧЕСКАЯ ХАРАКТЕРИСТИКА | |
| Специфическое обозначение материала и объем | 446, [1] с., [16] л. ил., портр. |
| Размеры | 21 |
| 225 1# - СЕРИЯ | |
| Основное заглавие серии | Жизнь замечательных людей |
| Сведения, относящиеся к заглавию | серия биографий |
| Сведения об ответственности | Основана в 1890 году Ф. Павленковым и продолжена в 1933 году М. Горьким |
| Обозначение тома | вып. 1779 (1579) |
| 320 ## - ПРИМЕЧАНИЯ О НАЛИЧИИ В ДОКУМЕНТЕ БИБЛИОГРАФИИ / УКАЗАТЕЛЯ | |
| Текст примечания | Библиогр.: с. 440-442 |
| 333 ## - ПРИМЕЧАНИЯ ОБ ОСОБЕННОСТЯХ РАСПРОСТРАНЕНИЯ И ИСПОЛЬЗОВАНИЯ | |
| Текст примечания | 16+ |
| 600 #1 - ИМЯ ЛИЦА КАК ПРЕДМЕТ | |
| Начальный элемент ввода | Распутин |
| Часть имени, кроме начального элемента ввода | В. Г. |
| Даты | 1937 - 2015 |
| Расширение инициалов личного имени | Валентин Григорьевич |
| Тематический подзаголовок | Биография |
| Системный номер авторитетной/нормативной записи | 2293976 |
| Идентификатор авторитетной/нормативной записи | RU\NLR\AUTH\6601600929 |
| 686 1# - ИНДЕКСЫ ДРУГИХ КЛАССИФИКАЦИЙ | |
| Индекс | Ш5(2=Р)7-4Распутин |
| 700 #1 - ИМЯ ЛИЦА - ПЕРВИЧНАЯ ОТВЕТСТВЕННОСТЬ | |
| Графика поля | Кириллица |
| Материалы, к которым относится поле | rus |
| Начальный элемент ввода | Румянцев |
| Часть имени, кроме начального элемента ввода | А. Г. |
| Дополнения к именам, кроме дат | писатель, поэт |
| Даты | 1938- |
| Расширение инициалов личного имени | Андрей Григорьевич |
| Системный номер авторитетной/нормативной записи | 186009 |
| Идентификатор авторитетной/нормативной записи | RU\NLR\AUTH\770186060 |
| 702 #1 - ИМЯ ЛИЦА - ВТОРИЧНАЯ ОТВЕТСТВЕННОСТЬ | |
| Код отношения | Прочие |
| Графика поля | Кириллица |
| Материалы, к которым относится поле | rus |
| Начальный элемент ввода | Распутин |
| Часть имени, кроме начального элемента ввода | В. Г. |
| Дополнения к именам, кроме дат | писатель |
| Даты | 1937-2015 |
| Расширение инициалов личного имени | Валентин Григорьевич |
| Системный номер авторитетной/нормативной записи | 112025 |
| Идентификатор авторитетной/нормативной записи | RU\NLR\AUTH\772008 |
| 942 ## - ДОПОЛНИТЕЛЬНЫЕ ЭЛЕМЕНТЫ ЗАПИСИ (АБИС) | |
| Тип экземпляра АБИС | Книга |
| 980 ## - КОЛЛЕКЦИЯ | |
| Название коллекции | НБР |
Нет доступных экземпляров.